000 01324nam a22002297a 4500
005 20220418154842.0
008 220304b ||||| |||| 00| 0 eng d
020 _a9780824747138
040 _cAL
041 _aeng
082 _223
_b519.535
_aGIRM
100 _aNarayan C Giri
_922808
245 _aMultivariate statistical analysis
250 _a2nd ed.
260 _aNew York
_bMarcel Dekker INC
_c2004
300 _axiv,558p.
_bHB
_c23x15cm.
365 _2General
_aVBI-1350
_b₹9486.00
_c
_d₹12648.00
_e25%
_f21-02-2022
440 _aStatistics: a Dekker series of textbooks and monographs
_930257
520 _aSignificantly revised and expanded, Multivariate Statistical Analysis, Second Edition addresses several added topics related to the properties and characterization of symmetric distributions, elliptically symmetric multivariate distributions, singular symmetric distributions, estimation of covariance matrices, tests of mean against one-sided alternatives, and correlations in symmetrical distributions. Its discussions and examples draw on a wide range of multivariate data, from biometry, agriculture, biomedical science, economics, to filtering and stochastic control, stock market data analysis, and random signal processing.
650 _2Mathematics
_aStatistics
_930258
942 _2ddc
_cBK
999 _c221727
_d221727